000 00565nam a22001937a 4500
003 BD-DhJNU
005 20250910033036.0
008 250910b |||||||| |||| 00| 0 eng d
020 _a9788126578436
040 _aBD-DhJNU
_bENG
_cBD-DhJNU
_dBD-DhJNU
082 _223
_a530.41 KII
100 _aKittel, Charles
245 _aIntroduction to solid state physics /
_cCharles Kittel
260 _aNew Delhi :
_bJohn Wiley and Sons,
_c2022.
300 _axix,692p. :
_bill. ;
_c24 cm.
504 _aIncludes Index
650 _aSolid state physics
942 _2ddc
_cBK
_n0
999 _c2100
_d2100